Použitie polárneho diagramu pri hodnotení úžitkových vlastností

Enregistré dans:
Détails bibliographiques
Auteur principal: Roman, Emil
Autres auteurs: Strhan, Rastislav, 1968-, Mečiarová, Zuzana
Format: Chapitre de livre
Langue:slovaque
Tags: Ajouter un tag
Pas de tags, Soyez le premier à ajouter un tag!

MARC

LEADER 00000naa$a2200000$$$4500
001 0142564
005 20240502072544.9
041 0 |a slo 
044 |a SK 
245 1 0 |a Použitie polárneho diagramu pri hodnotení úžitkových vlastností  |c Emil Roman, Rastislav Strhan, Zuzana Mečiarová 
100 1 |a Roman, Emil 
700 1 |a Strhan, Rastislav, 1968- 
700 1 |a Mečiarová, Zuzana